| 000 | 02390nam a22003137a 4500 | ||
|---|---|---|---|
| 005 | 20120823120024.0 | ||
| 010 | _aB-461129-138 | ||
| 020 |
_a9780143030355 _c325.00 |
||
| 035 | _aB-461129-138 | ||
| 037 |
_adpl _bVirtuous Pub/Ven |
||
| 082 | _aN | ||
| 100 |
_aTagore, Rabindranath _951552 |
||
| 245 |
_aA grain of sand = _bchokher bali / _cby Rabindranath Tagore; translated from the Bengali by Sreejata Guha |
||
| 260 |
_aNew Delhi _bPenguin Books _c2003 |
||
| 270 |
_a11, Community Centre, Panchsheel Park _bNew Delhi _e110017 |
||
| 300 |
_a287p. _c19cm (pbk) |
||
| 942 |
_2ddc _cEN _mTAG _hN |
||
| 999 |
_c69234 _d69234 |
||